Normal view
MARC view
Entry Personal Name
001 - CONTROL NUMBER
- control field: 18447
003 - CONTROL NUMBER IDENTIFIER
- control field: ARRUPE
005 - DATE AND TIME OF LATEST TRANSACTION
- control field: 20150720125640.0
008 - FIXED-LENGTH DATA ELEMENTS
- fixed length control field: 150720|| aca||aabn | a|a d
040 ## - CATALOGING SOURCE
- Original cataloging agency: ARRUPE
- Transcribing agency: ARRUPE
100 ## - HEADING--PERSONAL NAME
- Personal name: Oppenheimer, J. Robert,
- Dates associated with a name: 1904-1967
- Form subdivision: Drama.
670 ## - SOURCE DATA FOUND
- Source citation: Work cat.: (ARRUPE)0: Kipphardt, Heinar, 1922-1982. 18446, In the matter of J. Robert Oppenheimer;, [1968]